00251 a2200097 450000100060000008200110000610000190001724500810003625000060011726000300012339682 a515BAR aBarnett Rayond aApplied calculus for business economics life science & social science, 5/e a5 aNew YorkbMacmillanc1994